Tanteos y retractos legales en el derecho civil común /

Detalles Bibliográficos
Autor principal: Flores González, Begoña (Autor)
Formato: Electrónico eBook
Lenguaje:español
Publicado: Madrid : Dykinson, S.L., [2024]
Colección:Colección Monografías de derecho civil. Propiedad y derechos reales ; 17.
Materias:
Acceso en línea:Digitalia Hispánica

MARC

LEADER 00000nam a2200000 i 4500
001 DIGDYK3511
003 NyNyDIG
007 cr |||||||||||
008 250122s2024 sp ob 000 0 spa d
006 m o d
035 |a (OCoLC)1446135139 
040 |a DGITA  |b eng  |e rda  |e pn  |c DGITA 
020 |a 9788410702011  |q electrónico 
020 |z 9788411709996 
024 7 |a 10.14679/2817  |2 doi 
050 1 4 |a K742 ebook 
100 1 |a Flores González, Begoña,  |e author. 
245 1 0 |a Tanteos y retractos legales en el derecho civil común /  |c Begoña Flores González. 
264 1 |a Madrid :  |b Dykinson, S.L.,  |c [2024] 
300 |a 1 online resource. 
336 |a text  |b txt  |2 rdacontent 
337 |a computer  |b c  |2 rdamedia 
338 |a online resource  |b cr  |2 rdacarrier 
347 |a text file  |2 rdaft 
347 |b PDF 
490 1 |a Colección Monografías de derecho civil. IV. Propiedad y derechos reales 
504 |a Includes bibliographical references. 
588 0 |a Online resource; title from PDF title page (Digitalia, viewed January 22, 2025) 
650 0 |a Right of first refusal. 
791 2 |a Digitalia (Firm),  |e distributor. 
793 0 |g Digitalia eBook Collection:  |a Dykinson Editorial 
776 0 8 |i Print version:  |a Flores González, Begoña.  |t Tanteos y retractos legales en el derecho civil común.  |d Madrid : Dykinson, S.L., [2024]  |z 9788411709996 
830 0 |a Colección Monografías de derecho civil.  |n IV,  |p Propiedad y derechos reales ;  |v 17. 
856 4 0 |3 Digitalia Hispánica  |u https://www.digitaliapublishing.com/a/158742/ 
910 |a Premium collection: 2025